Lady Gaga - Aura (all lyrics) - Statistics

General Stats
  • This quiz has been taken 30 times
  • The average score is 221 of 259
Answer Stats
Hint Answer % Correct
a
100%
Intro I
100%
me
100%
the
100%
Interlude Aura
96%
aura
96%
behind
96%
Chorus Do
96%
do
96%
for
96%
my
96%
not
96%
of
96%
to
96%
wanna
96%
who
96%
you
96%
girl
92%
it
92%
lives
92%
pop
92%
see
92%
and
88%
cover
88%
hear
88%
Verse 1 I'm
88%
in
88%
is
88%
killed
88%
left
88%
love
88%
lover
88%
naked
88%
on
88%
touch
88%
under
88%
am
83%
choice
83%
former
83%
Highway
83%
woman
83%
art
79%
burqa
79%
cosmic
79%
face
79%
fashion
79%
if
79%
it's
79%
sex
79%
slave
79%
ten
79%
wandering
79%
wear
79%
Bridge Dance
75%
dance
75%
Verse 2 Enigma
75%
find
75%
fun
75%
her
75%
Hollywood
75%
hood
75%
passion
75%
popstar
75%
she
75%
straight
75%
trunk
75%
enough
71%
gorgeousness
71%
move
71%
send
71%
underneath
71%
but
67%
just
67%
man
67%
peek
67%
protection
67%
put
67%
soil
67%
statement
67%
street
67%
knife
63%
your
63%
as
58%
bedroom
58%
more
58%
much
58%
or
58%
size
58%
than
58%
walk
58%
because
54%
curtain
54%
gun
54%
may
54%
screaming
54%
veil
54%
shoot
50%
toil
50%
'cause
46%
him's
46%
one
46%
pity
46%
pleasure
46%
tech
46%
want
46%
Outro ART-POP
38%
was
38%
arranged
29%
No matching quizzes found
Score Distribution
Percent of People with Each Score
Percentile by Number Answered
Your Score History
You have not taken this quiz